ბათუმის შოთა რუსთაველის სახელმწიფო უნივერსიტეტის ბიბლიოთეკა

აკაკი წერეთლის აფორიზმები და გამონათქვამები (ბიბ.ჩანაწერი № 48807)

000 -LEADER
fixed length control field 00880nam a2200205Ia 4500
001 - CONTROL NUMBER
control field 15709
003 - CONTROL NUMBER IDENTIFIER
control field GE_BSU
008 - FIXED-LENGTH DATA ELEMENTS--GENERAL INFORMATION
fixed length control field 181216s||||||||xx |||||||||||||| ||und||
040 ## - CATALOGING SOURCE
Transcribing agency GE_BSU
080 ## - UNIVERSAL DECIMAL CLASSIFICATION NUMBER
Universal Decimal Classification number 821.353.1-84
100 ## - MAIN ENTRY--PERSONAL NAME
Personal name [წერეთელი, ა.]
245 ## - TITLE STATEMENT
Title აკაკი წერეთლის აფორიზმები და გამონათქვამები
245 ## - TITLE STATEMENT
Statement of responsibility, etc. შემდგ.: მურად მთვარელიძე ; რედ.: თ. კიკაჩეიშვილი. მხ. ო.ვარვარიძე
260 ## - PUBLICATION, DISTRIBUTION, ETC.
Place of publication, distribution, etc. თბილისი
260 ## - PUBLICATION, DISTRIBUTION, ETC.
Name of publisher, distributor, etc. თბილ. უნ-ტის გამ-ბა
260 ## - PUBLICATION, DISTRIBUTION, ETC.
Date of publication, distribution, etc. 1990
300 ## - PHYSICAL DESCRIPTION
Extent 110გვ. ; 20სმ
653 ## - INDEX TERM--UNCONTROLLED
Uncontrolled term აკაკი წერეთლის აფორიზმები და გამონათქვამები
942 ## - ADDED ENTRY ELEMENTS (KOHA)
Koha item type წიგნი
ეგზემპლარები
Withdrawn status Lost status Damaged status Not for loan Date acquired Barcode Date last seen Price effective from Koha item type
        2018-12-17 38879 2018-12-17 2018-12-17 წიგნი
        2018-12-17 38880 2018-12-17 2018-12-17 წიგნი
        2018-12-17 38881 2018-12-17 2018-12-17 წიგნი
        2018-12-17 38882 2018-12-17 2018-12-17 წიგნი
        2018-12-17 38883 2018-12-17 2018-12-17 წიგნი
        2018-12-17 38884 2018-12-17 2018-12-17 წიგნი
        2018-12-17 38885 2018-12-17 2018-12-17 წიგნი
        2018-12-17 38886 2018-12-17 2018-12-17 წიგნი
        2018-12-17 38887 2018-12-17 2018-12-17 წიგნი